Ροντέν

Αποθηκεύτηκε σε:
Λεπτομέρειες βιβλιογραφικής εγγραφής
Κύριος συγγραφέας: Fisogni, Fiorenzo
Άλλοι συγγραφείς: Reyero, Carlos (Συγγραφέας εισαγωγής κ.λπ.)
Μορφή: Βιβλίο
Γλώσσα:Greek
Spanish
Δημοσίευση: [Αθήνα] : Η Καθημερινή, c2006.
Σειρά:Μεγάλοι ζωγράφοι ; 20
Θέματα:
Ετικέτες: Προσθήκη ετικέτας
Δεν υπάρχουν, Καταχωρήστε ετικέτα πρώτοι!

MARC

LEADER 00000cam a2200000 i 4500
001 1/2276
008 091127s2006 gr | ||| |||| ||gre||
020 |a 9607945980  
035 |l 10105929 
040 |a GR-MyUa  |b gre  |e AACR2 
041 1 |a gre  |h spa 
082 7 |a 700.92   |2 (22) 
082 7 |a 730   |2 (22) 
100 1 |a Fisogni, Fiorenzo. 
245 1 0 |a Ροντέν /   |c κείμενα Fiorenzo Fisogni ; εισαγωγή Carlos Reyero.  
260 |a [Αθήνα] :   |b Η Καθημερινή,   |c c2006.  
300 |a 189 σ. :   |b έγχρ. εικ. ;   |c 19 εκ.  
490 1 |a (Μεγάλοι ζωγράφοι ;   |v 20)  
500 |a Προσφορά της εφημερίδας "Η Καθημερινή", Βιβλιοθήκη Τέχνης 
500 |a Τίτλος πρωτοτύπου: Rodin. 
504 |a Βιβλιογραφία: σ. 189. 
600 1 0 |a Rodin, Auguste,   |d 1840-1917. 
650 0 |a Sculptors  |z France. 
700 1 |a Reyero, Carlos,  |e aui 
830 0 |a Μεγάλοι ζωγράφοι ;  |v 20 
852 |a INST  |b SAMOS  |e 20100125  |h 730 ΡΟΝ  |p 005300030817  |q 005300030817  |t BK  |y 0 
852 |a INST  |b SYROS  |e 20091127  |h 700.92 ROD  |p 005500008042  |q 005500008042  |t BK  |y 0 
901 |a BIBL3-2010-1 
901 |a BIBL5-2009-3 
970 |a Κοντού  |b Παρασκευή  |z 27/11/2009